[Event "BCF-chT3E 2224 (4NCL)"]
[Site "England"]
[Date "2024.01.14"]
[Round "4.52"]
[White "Waddington, Mike P"]
[Black "Frostick, Clive A"]
[Result "1/2-1/2"]
[WhiteElo "2109"]
[BlackElo "2119"]
[PlyCount "61"]
[EventDate "2023.11.11"]
[EventType "team-tourn"]
[EventRounds "11"]
[EventCountry "ENG"]
[SourceTitle "CB11_2024"]
[SourceDate "2024.03.13"]
[SourceVersion "1"]
[SourceVersionDate "2024.03.13"]
[SourceQuality "1"]
[WhiteTeam "Poole Patzers"]
[BlackTeam "Kingston II"]
[WhiteTeamCountry "ENG"]
[BlackTeamCountry "ENG"]

1. e4 c5 2. Nf3 Nc6 3. d3 e6 4. g3 d5 5. Nbd2 Nf6 6. Bg2 Be7 7. 0-0 Qc7 8. Re1 b6 9. Nf1 dxe4 10. dxe4 Ba6 11. c3 Rd8 12. Qa4 Bd3 13. e5 b5 14. Qh4 Nd7 15. Qf4 h6 16. h4 Nb6 17. g4 Nd5 18. Qg3 0-0 19. g5 h5 20. Ne3 Nxe3 21. Bxe3 Rd7 22. Bf4 Rfd8 23. Nd2 Bf5 24. Ne4 Rd3 25. Qh2 Na5 26. Nd6 Bxd6 27. exd6 Qb6 28. Bf1 Rd5 29. Bg2 Rd3 30. Bf1 Rd5 31. Bg2 1/2-1/2

[Event "WchT Seniors 50"]
[Site "Struga"]
[Date "2023.09.22"]
[Round "4.3"]
[White "Frostick, Clive A"]
[Black "Lauterbach, Ingrid"]
[Result "1-0"]
[WhiteElo "2112"]
[BlackElo "2019"]
[PlyCount "125"]
[EventDate "2023.09.19"]
[EventType "team-swiss"]
[EventRounds "9"]
[EventCountry "MKD"]
[SourceTitle "EXT 2024"]
[Source "ChessBase"]
[SourceDate "2023.10.10"]
[SourceVersion "1"]
[SourceVersionDate "2023.10.10"]
[SourceQuality "1"]
[WhiteTeam "England 50 III"]
[BlackTeam "England 50 (W)"]
[WhiteTeamCountry "ENG"]
[BlackTeamCountry "ENG"]

1. e4 c5 2. Nf3 d6 3. Bb5+ Bd7 4. Bxd7+ Qxd7 5. c4 Nf6 6. Nc3 g6 7. d4 cxd4 8. Nxd4 Bg7 9. f3 0-0 10. 0-0 Rc8 11. b3 a6 12. Be3 e6 13. Rc1 Qd8 14. Qd2 Nc6 15. Rfd1 d5 16. cxd5 exd5 17. exd5 Nb4 18. Nde2 Qe8 19. d6 Rd8 20. Bb6 Rd7 21. Ng3 Qe6 22. Nge4 Ne8 23. Nc5 Rxd6 24. Nxe6 Rxd2 25. Rxd2 fxe6 26. Be3 Nf6 27. Rdd1 b5 28. a3 Nc6 29. Rd6 Na5 30. Rb1 Ne8 31. Rd3 Nc6 32. Ne4 Ne5 33. Rdd1 Nc7 34. Rbc1 Nd5 35. Bf2 Bh6 36. Rc5 Bf8 37. Rcxd5 exd5 38. Rxd5 Nc6 39. a4 bxa4 40. bxa4 Rb8 41. h4 Rb1+ 42. Kh2 Ra1 43. Rd7 Be7 44. Rc7 Ra2 45. Rxc6 Rxa4 46. Rc7 Kf8 47. Bc5 Bxc5 48. Nxc5 Rxh4+ 49. Kg3 Rb4 50. Nxa6 Rb6 51. Nc5 Rb5 52. Ne4 h6 53. Rh7 h5 54. Rc7 Rf5 55. Rc5 Rf7 56. Rc8+ Kg7 57. Ng5 Re7 58. Rc7 Rxc7 59. Ne6+ Kf6 60. Nxc7 g5 61. f4 h4+ 62. Kg4 gxf4 63. Nd5+ 1-0

[Event "BCF-chT3W 2223 (4NCL)"]
[Site "England"]
[Date "2023.05.01"]
[Round "11.13"]
[White "Larsen, Pelle O"]
[Black "Frostick, Clive A"]
[Result "1/2-1/2"]
[WhiteElo "2210"]
[BlackElo "2127"]
[PlyCount "55"]
[EventDate "2022.10.22"]
[EventType "team-tourn"]
[EventRounds "11"]
[EventCountry "ENG"]
[SourceTitle "EXT 2024"]
[Source "ChessBase"]
[SourceDate "2023.10.10"]
[SourceVersion "1"]
[SourceVersionDate "2023.10.10"]
[SourceQuality "1"]
[WhiteTeam "Warwicks Select"]
[BlackTeam "Kingston"]
[WhiteTeamCountry "ENG"]
[BlackTeamCountry "ENG"]

1. c4 e6 2. g3 d5 3. Bg2 Nf6 4. Nf3 Be7 5. 0-0 0-0 6. d4 dxc4 7. Qc2 a6 8. Qxc4 b5 9. Qc2 Bb7 10. Bg5 Nbd7 11. Bxf6 Nxf6 12. Nbd2 Rc8 13. Nb3 Be4 14. Qc3 Nd5 15. Qd2 c5 16. dxc5 Bxc5 17. Nxc5 Rxc5 18. Rfc1 Rxc1+ 19. Rxc1 Qa8 20. Qd4 Nf6 21. Qc5 Rd8 22. Qc7 h6 23. Ne5 Bxg2 24. Qxf7+ Kh7 25. Qg6+ Kg8 26. Qf7+ Kh7 27. Qg6+ Kg8 28. Qf7+ 1/2-1/2

[Event "BCF-chT3W 2223 (4NCL)"]
[Site "England"]
[Date "2023.03.18"]
[Round "7.23"]
[White "Frostick, Clive A"]
[Black "Newton, Robert"]
[Result "1-0"]
[WhiteElo "2127"]
[BlackElo "1935"]
[PlyCount "61"]
[EventDate "2022.10.22"]
[EventType "team-tourn"]
[EventRounds "11"]
[EventCountry "ENG"]
[SourceTitle "EXT 2024"]
[Source "ChessBase"]
[SourceDate "2023.10.10"]
[SourceVersion "1"]
[SourceVersionDate "2023.10.10"]
[SourceQuality "1"]
[WhiteTeam "Kingston"]
[BlackTeam "Manchester Manticores"]
[WhiteTeamCountry "ENG"]
[BlackTeamCountry "ENG"]

1. e4 g6 2. d4 Bg7 3. Nc3 d6 4. Be3 Nd7 5. Nf3 a6 6. Bc4 h6 7. a4 b6 8. h3 e6 9. 0-0 Ne7 10. Qd2 Bb7 11. Nh2 Nf6 12. Bd3 d5 13. f3 c5 14. Qe2 Nd7 15. exd5 exd5 16. b3 Rc8 17. Qf2 a5 18. Rad1 cxd4 19. Bxd4 Nf6 20. Bxb6 Qd6 21. Ng4 Nxg4 22. fxg4 0-0 23. Bd4 Nc6 24. Bxg7 Kxg7 25. Ne4 Qb4 26. Bb5 Kh7 27. Kh1 Qc5 28. Rd2 Qe7 29. Qf6 Qxe4 30. Re2 Qxe2 31. Bxe2 1-0

[Event "EU-chT Seniors 50"]
[Site "Dresden"]
[Date "2022.11.01"]
[Round "6.2"]
[White "Frostick, Clive A"]
[Black "Schulz, Klaus Juergen"]
[Result "1/2-1/2"]
[WhiteElo "2118"]
[BlackElo "2342"]
[PlyCount "119"]
[EventDate "2022.10.27"]
[EventType "team-swiss"]
[EventRounds "9"]
[EventCountry "GER"]
[SourceTitle "EXT 2024"]
[Source "ChessBase"]
[SourceDate "2023.10.10"]
[SourceVersion "1"]
[SourceVersionDate "2023.10.10"]
[SourceQuality "1"]
[WhiteTeam "England 50 II"]
[BlackTeam "Germany 50"]
[WhiteTeamCountry "ENG"]
[BlackTeamCountry "GER"]

1. e4 Nf6 2. Nc3 d5 3. e5 d4 4. exf6 dxc3 5. fxg7 cxd2+ 6. Qxd2 Qxd2+ 7. Bxd2 Bxg7 8. 0-0-0 Be6 9. Ne2 Nd7 10. Bc3 Bxc3 11. Nxc3 c6 12. Be2 Rg8 13. g3 Nf6 14. Rhe1 Rd8 15. Rxd8+ Kxd8 16. Bd3 Ng4 17. Ne4 Bd5 18. c4 Ne5 19. Rd1 Bxe4 20. Bxe4+ Ke8 21. b3 h6 22. f4 Ng4 23. Rd2 e6 24. Bf3 Ne3 25. Re2 Nf5 26. Be4 Nd6 27. Bd3 c5 28. Re5 b6 29. Rh5 Rh8 30. g4 Kf8 31. f5 exf5 32. Bxf5 Kg7 33. Bd3 Re8 34. Kd2 Ne4+ 35. Bxe4 Rxe4 36. h3 Rf4 37. Ke2 Re4+ 38. Kd2 Rd4+ 39. Ke2 f6 40. Rf5 Re4+ 41. Kd2 Kg6 42. Rd5 Re7 43. Rf5 Rd7+ 44. Ke2 Rd4 45. Rh5 Re4+ 46. Kd2 Rf4 47. Ke2 f5 48. Rxf5 Rxf5 49. gxf5+ Kxf5 50. Kf3 a6 51. a3 Kg5 52. Kg3 b5 53. cxb5 axb5 54. Kf3 Kf5 55. Ke3 Ke5 56. a4 c4 57. axb5 cxb3 58. Kd3 Kd5 59. Kc3 Kc5 60. Kxb3 1/2-1/2

[Event "EU-chT Seniors 50"]
[Site "Dresden"]
[Date "2022.10.30"]
[Round "4.2"]
[White "Mai, Iris"]
[Black "Frostick, Clive A"]
[Result "1/2-1/2"]
[WhiteElo "2004"]
[BlackElo "2118"]
[PlyCount "88"]
[EventDate "2022.10.27"]
[EventType "team-swiss"]
[EventRounds "9"]
[EventCountry "GER"]
[SourceTitle "EXT 2024"]
[Source "ChessBase"]
[SourceDate "2023.10.10"]
[SourceVersion "1"]
[SourceVersionDate "2023.10.10"]
[SourceQuality "1"]
[WhiteTeam "Germany (Women) 50"]
[BlackTeam "England 50 II"]
[WhiteTeamCountry "GER"]
[BlackTeamCountry "ENG"]

1. d4 d5 2. c4 e6 3. Nc3 a6 4. cxd5 exd5 5. Nf3 Nf6 6. Bg5 Be6 7. Rc1 Bd6 8. e3 Nbd7 9. Bd3 c6 10. 0-0 Qb8 11. Bh4 h6 12. Bg3 0-0 13. b4 Bxg3 14. hxg3 Qd6 15. Qb3 Qe7 16. Qb1 b5 17. Ne2 Rfc8 18. Nf4 a5 19. bxa5 Rxa5 20. Nxe6 Qxe6 21. Bf5 Qd6 22. Ne5 Rc7 23. Qb2 g6 24. Bb1 Kg7 25. Nxd7 Nxd7 26. g4 Nf6 27. f3 Qe7 28. Qd2 Ra3 29. Rc3 Rxc3 30. Qxc3 b4 31. Qd2 c5 32. dxc5 Qxc5 33. Kf2 Qb6 34. Bc2 Rc3 35. Bb3 Qe6 36. Qd4 Qe7 37. Bxd5 Rc2+ 38. Kg1 Qc7 39. Bb3 Re2 40. Qd3 Rb2 41. Re1 g5 42. Qd4 Qg3 43. Qxb2 Qxe1+ 44. Kh2 Qh4+ 1/2-1/2

[Event "GBR-ch Seniors 50 108th"]
[Site "Torquay"]
[Date "2022.08.08"]
[Round "1"]
[White "Frostick, Clive A"]
[Black "Homer, Stephen J"]
[Result "1/2-1/2"]
[WhiteElo "2137"]
[BlackElo "1932"]
[PlyCount "44"]
[EventDate "2022.08.08"]
[EventType "swiss"]
[EventRounds "7"]
[EventCountry "ENG"]
[SourceTitle "EXT 2024"]
[Source "ChessBase"]
[SourceDate "2023.10.10"]
[SourceVersion "1"]
[SourceVersionDate "2023.10.10"]
[SourceQuality "1"]

1. e4 c5 2. Nf3 d6 3. Bb5+ Bd7 4. Bxd7+ Qxd7 5. c4 Nf6 6. Nc3 g6 7. d4 cxd4 8. Nxd4 Bg7 9. f3 0-0 10. Be3 e6 11. 0-0 Nc6 12. Rc1 Rfd8 13. Rf2 Qe7 14. Re2 Nxd4 15. Bxd4 Bh6 16. Be3 Bxe3+ 17. Rxe3 d5 18. exd5 Qc5 19. Qd2 exd5 20. Nxd5 Nxd5 21. cxd5 Rxd5 22. Qc3 Rc8 1/2-1/2

[Event "English Online Blitz Gp2"]
[Site "Chess.com INT"]
[Date "2020.05.09"]
[Round "2"]
[White "Frostick, Clive A"]
[Black "Pein, Malcolm"]
[Result "1-0"]
[WhiteElo "2108"]
[BlackElo "2309"]
[PlyCount "99"]
[EventDate "2020.05.09"]
[EventType "swiss (blitz)"]
[EventRounds "11"]
[EventCountry "ENG"]
[SourceTitle "CBM 196 Extra"]
[Source "ChessBase"]
[SourceDate "2020.07.31"]
[SourceVersion "1"]
[SourceVersionDate "2020.07.31"]
[SourceQuality "1"]

1. e4 e5 2. Nc3 d6 3. Nf3 Nf6 4. d4 exd4 5. Nxd4 g6 6. Be2 Bg7 7. Be3 0-0 8. h3 Re8 9. Qd3 Na6 10. f3 d5 11. 0-0-0 c5 12. Ndb5 d4 13. Bg5 Qa5 14. Bxf6 Bxf6 15. Nd5 Bg5+ 16. f4 Bd8 17. Qa3 Qxa3 18. Nxa3 Rxe4 19. Bf3 Re8 20. Nc4 Be6 21. Nd6 Rf8 22. Nxb7 Rb8 23. Nxd8 Rfxd8 24. Ne7+ Kg7 25. Nc6 Nb4 26. Nxd8 Nxa2+ 27. Kb1 Rxd8 28. c3 d3 29. Rhe1 Bb3 30. Rd2 c4 31. Bd1 a5 32. Bxb3 cxb3 33. Red1 a4 34. Rxd3 Re8 35. Rd8 Re2 36. R8d2 Re4 37. Rd4 Re2 38. Rxa4 Rxg2 39. Ra3 Rf2 40. Rxb3 Rxf4 41. Kxa2 Ra4+ 42. Ra3 Rh4 43. c4 Rxc4 44. Rc3 Rf4 45. Rb1 h5 46. b4 Rf2+ 47. Ka3 Rf6 48. b5 Rb6 49. Kb4 g5 50. Ka5 1-0

[Event "English Online Blitz Gp2"]
[Site "Chess.com INT"]
[Date "2020.05.09"]
[Round "7"]
[White "Quilter, Thomas A"]
[Black "Frostick, Clive A"]
[Result "1-0"]
[WhiteElo "2162"]
[BlackElo "2108"]
[PlyCount "41"]
[EventDate "2020.05.09"]
[EventType "swiss (blitz)"]
[EventRounds "11"]
[EventCountry "ENG"]
[SourceTitle "CBM 196 Extra"]
[Source "ChessBase"]
[SourceDate "2020.07.31"]
[SourceVersion "1"]
[SourceVersionDate "2020.07.31"]
[SourceQuality "1"]

1. d4 d5 2. Bf4 c5 3. e3 Nc6 4. Nf3 Nf6 5. Nbd2 Qb6 6. c4 cxd4 7. exd4 Nxd4 8. cxd5 Nxd5 9. Nxd4 Qxd4 10. Bb5+ Bd7 11. Bxd7+ Kxd7 12. Bg3 f6 13. 0-0 e5 14. Qb3 Nb6 15. Rfd1 Ke8 16. Rac1 Rd8 17. Nf3 Qg4 18. Rxd8+ Kxd8 19. Bxe5 fxe5 20. Nxe5 Bd6 21. Nxg4 1-0